000 03018nam a2201213 c 4500
001 PE-LiUPU
003 PE-LiUPU
005 20250813185708.0
008 151222s2015 sp a | |||| 000 0 spa
015 _aMON15
017 _aB 24457-2015
_bOficina Depósito Legal Barcelona
020 _a9788423422302
035 _a(OCoLC)930592142
040 _aPE-LiUPU
_bspa
_cPE-LiUPU
_erda
080 _a338.1(460)
080 _a338.2(460)
082 _223
_a330.946
_bA561e
100 1 _aAndrés, Javier
_qAndrés Domingo
_4autor.
_0XX1028981
240 1 0 _aEn busca de la prosperidad
245 1 0 _aEn busca de la prosperidad :
_bLos retos de la sociedad española en la economía global del siglo XXI /
_cJavier Andrés y Rafael Doménech
250 _aPrimera edición.
264 _aBarcelona :
_bDeusto,
_c2015.
300 _a382 páginas :
_bgráficos ;
_c23 centímetros.
500 _aIncluye prólogo y reflexiones finales.
504 _aBibliografía: páginas [363]-382
505 _aLos retos de la economía española -- Más y mejor empleo -- Mercados, dimensión e internalización de las empresas españolas -- Los retos del sector público -- Instituciones, capital humano y desigualdad- El futuro de España en Europa.
526 _aP202
526 _aP201
526 _aP163
526 _aP162
526 _aP161
526 _aP160
526 _aP148
526 _aP147
526 _aP146
526 _aP145
526 _aP144
526 _aP143
526 _aP142
526 _aP141
526 _aP140
526 _aP139
526 _aP138
526 _aP137
526 _aP136
526 _aP135
526 _aP134
526 _aP133
526 _aP129
526 _aP128
526 _aP127
526 _aP120
526 _aP119
526 _aP118
526 _aP116
526 _aP115
526 _aP114
526 _aP110
526 _aP109
526 _aP108
526 _aP104
526 _aP103
526 _aP102
526 _aP99
526 _aP98
526 _aP97
526 _aP96
526 _aP95
526 _aP93
526 _aP90
526 _aP89
526 _aP88
526 _aP83
526 _aP82
526 _aP62
526 _aP59
526 _aP58
526 _aP57
526 _aP51
526 _aP49
526 _aP48
526 _aP47
526 _aP29
526 _aP24
526 _aP20
526 _aP19
526 _aP17
526 _aP15
526 _aP14
526 _aP12
526 _aP10
526 _aP09
526 _aP08
526 _aP07
526 _aP06
526 _aP05
526 _aP04
526 _aP01
651 1 7 _aEspaña
_xSituación económica
_ySiglo XXI.
651 2 7 _aEspaña
_xPolítica económica
_2embne
_ySiglo XXI.
700 1 _aDoménech, Rafael
_d1962-
_4autor.
942 _2ddc
_cBK
_n0
980 _618228
_aChristian Lazo Analista Documental
_81
_gALBERTO SANCHEZ Responsable de Automatización
999 _c62393
_d62392